Estudio anatómico topográfico del tórax y del abdomen / (Record no. 140506)

MARC details
000 -LEADER
campo de control de longitud fija 00547nam a2200169 4500
001 - NÚMERO DE CONTROL
campo de control 140506
003 - IDENTIFICADOR DE NÚMERO DE CONTROL
campo de control ES-MaACL
005 - FECHA Y HORA DE LA ÚLTIMA TRANSACCIÓN
campo de control 20230906200107.0
007 - CAMPO FIJO DE DESCRIPCIÓN FÍSICA--INFORMACIÓN GENERAL
campo de control de longitud fija t|
008 - DATOS DE LONGITUD FIJA--INFORMACIÓN GENERAL
campo de control de longitud fija 070214s1941 ag r ||||1| spa d
100 1# - ENTRADA PRINCIPAL--NOMBRE DE PERSONA
Nombre de persona Seara, Plácido.
9 (RLIN) 104984
245 10 - MENCIÓN DEL TÍTULO
Título Estudio anatómico topográfico del tórax y del abdomen /
Mención de responsabilidad, etc. Plácido Seara ; prólogo de Eugenio A. Galli.
260 ## - PUBLICACIÓN, DISTRIBUCIÓN, ETC.
Lugar de publicación, distribución, etc. Buenos Aires :
Nombre del editor, distribuidor, etc. El Ateneo,
Fecha de publicación, distribución, etc. 1941.
300 ## - DESCRIPCIÓN FÍSICA
Extensión 234 p., 43 lám. :
Otras características físicas il. ;
Dimensiones 29 cm.
700 1# - ENTRADA AGREGADA--NOMBRE PERSONAL
Nombre de persona Galli, Eugenio A.
9 (RLIN) 53612
852 ## - LOCALIZACIÓN
Ubicación ES-MaACL
Número de control de estantería E-1660
Sublocalización o colección R.22268
Holdings
Estatus retirado Estado de pérdida Estado de daño No para préstamo Biblioteca de origen Biblioteca actual Ubicación en estantería Fecha de adquisición Fuente de adquisición Total de préstamos Signatura topográfica completa Código de barras Visto por última vez Precio de reemplazo Tipo de ítem Koha
        Biblioteca del Ateneo de Madrid Biblioteca del Ateneo de Madrid Depósito 2 17/01/2008     E-1660 1146215 23/02/2023 23/02/2023 Libro impreso